Sous le soleil de satan
-д хадгалсан:
| Үндсэн зохиолч: | |
|---|---|
| Формат: | Ном |
| Хэл сонгох: | франц |
| Хэвлэсэн: |
París
Librairie Plon
1926
|
| Нөхцлүүд: | |
| Шошгууд: |
Шошго нэмэх
Шошго байхгүй, Энэхүү баримтыг шошголох эхний хүн болох!
|
MARC
| LEADER | 00000nam a2200000 a 4500 | ||
|---|---|---|---|
| 001 | UCY8314 | ||
| 003 | CL-VaPUC | ||
| 008 | 950703e19260000FR |||||||||||||||||fre|d | ||
| 082 | 0 | 4 | |a 843 |b BER |2 21 |
| 100 | 0 | |a Bernanos, Georges |e author |9 335559 | |
| 245 | 1 | 0 | |a Sous le soleil de satan |
| 300 | |a 363 p | ||
| 942 | |c BK | ||
| 945 | |d 19950703 00:00:00 |a rbrito | ||
| 260 | |a París |b Librairie Plon |c 1926 | ||
| 650 | 0 | |a Novela francesa |9 264985 | |
| 583 | |a last modification |c 19950703 00:00:00 |k Rodrigo Vera | ||
| 999 | |c 235583 |d 235581 | ||
| 952 | |0 0 |1 0 |4 0 |6 843_000000000000000_BER_1926 |7 0 |8 A |9 243111 |a BIBEDU |b BIBEDU |d 2019-11-18 |i 3099784 |o 843 BER 1926 |p 3099784 |r 2019-11-18 |w 2019-11-18 |y BK |k LIT | ||